貓頭鷹男
| 資料類型: | 圖書 | 書目號: | 35523 |
Leader xxxxxxxxxx 001 __ PCLIS00035523 005 __ 20210804210458.0 010 0_ |a986-136-055-7|b平裝|dNT$280 100 __ |a20051007d20052003m y0chiy09 e 101 1_ |achi|cjpn 105 __ |aa z 000ay 200 1_ |a貓頭鷹男|f朱川湊人著|g李曉雯譯 205 __ |a初版 210 __ |a臺北市|c圓神出版|c叩應總經銷|d2005[民94] 215 0_ |a317面|c圖|d21公分 225 2_ |a森羅文庫|v008 300 __ |a譯自: 都市伝說Йзヤ 300 __ |a"獲直木賞提名的新感覺恐怖短篇!" 454 _1 |12001 |a都市伝說Йзヤ 681 __ |a861.57|b8976 700 _1 |a朱川|b湊人|4著 702 _1 |a李|b曉雯|4譯 801 _0 |atw|b內湖高中|c20051007|gCCR |